Palma de aceite en Colombia (Registro nro. 19959)

Detalles MARC
000 -CABECERA
Campo de control 00815nam a22002537a 4500
005 - FECHA Y HORA DE LA ULTIMA TRANSACCION
Campo de control 20191224042340.0
008 - ELEMENTOS DE LONGITUD FIJA—INFORMACION GENERAL
Campo de control 171107b 2013ck ||||| |||| 00| 0 spa d
020 ## - ISBN
ISBN 9789588306-933
040 ## - FUENTE DE CATALOGACIÓN
Agencia catalogadora original CO-BoIAVH
Agencia transcriptora CO-BoIAVH
041 ## - IDIOMA
Código de idioma para texto/pista de sonido o título separado Español
044 ## - PAÍS DE PUBLICACIÓN
País de publicación Colombia
082 ## - NUMERO DE CLASIFICACION DECIMAL DEWEY
Número de clasificación 641.33851
Número del ítem V73p
245 10 - MENCION DE TITULO
Título Palma de aceite en Colombia
260 ## - PUBLICACION, DISTRIBUCION, ETC. (PIE DE IMPRENTA)
Lugar de publicación, distribución, etc. Bogotá:
Nombre del editor, distribuidor, etc. Vilegas Editores,
Fecha de publicación, distribución, etc. 2013.
300 ## - DESCRIPCION FISICA
Extensión 336 páginas
Otros detalles físicos fotografías a color
Dimensiones 26 x 31cm
600 #0 - ASIENTO SECUNDARIO DE MATERIA - NOMBRE PERSONAL
Nombre persona Villegas, Benjamín
9 (RLIN) 5252
650 14 - ASIENTO SECUNDARIO DE MATERIA - TERMINO TEMATICO
Término temático o nombre geográfico como elemento de entrada Aceite de palma
Subdivisión de forma Usos
Subdivisión geográfica Colombia
9 (RLIN) 86807
650 14 - ASIENTO SECUNDARIO DE MATERIA - TERMINO TEMATICO
Término temático o nombre geográfico como elemento de entrada Desarrollo sostenible
Subdivisión de forma Palma de aceite
9 (RLIN) 86808
650 14 - ASIENTO SECUNDARIO DE MATERIA - TERMINO TEMATICO
Término temático o nombre geográfico como elemento de entrada Aceite de palma
Subdivisión general Producción
Subdivisión geográfica Colombia
9 (RLIN) 86809
650 14 - ASIENTO SECUNDARIO DE MATERIA - TERMINO TEMATICO
Término temático o nombre geográfico como elemento de entrada Aceite de palma
Subdivisión de forma Consumo
9 (RLIN) 86810
650 14 - ASIENTO SECUNDARIO DE MATERIA - TERMINO TEMATICO
Término temático o nombre geográfico como elemento de entrada Cadena de producción de aceites
9 (RLIN) 16858
942 ## - ELEMENTOS ADICIONALES (KOHA)
Sistema de clasificación Dewey Decimal Classification
Tipo de ítem Libro
945 ## - PROCESAMIENTO LOCAL
AAAA-MM-DD - Fecha de ingreso o modificacion 2017-11-07
Existencias
Withdrawn status Lost status Sistema de Clasificación Damaged status No para préstamo Colección Ubicación Permanente Ubicación actual Fecha de adquisición Total Checkouts Número topográfico Inventario / Código de Barras Date last seen Ejemplar Price effective from Forma de adquisición Tipo de material
    Dewey Decimal Classification     General Bogotá Bogotá 07/11/2017   LB-641.33851 V73p 042502 07/11/2017 Ej. 1 07/11/2017 Donación Libro